[Event "BL2-N9899"]
[Site "Germany"]
[Date "1999.04.18"]
[Round "9.5"]
[White "Tyrtania, Maximilian"]
[Black "Blauert, Joerg"]
[Result "1/2-1/2"]
[WhiteElo "2240"]
[BlackElo "2385"]

1.Nf3 d5 2.c4 e6 3.d4 c5 4.cxd5 exd5 5.Nc3 Nc6 6.e3 Nf6 7.Be2 a6 8.O-O Bd6
9.dxc5 Bxc5 10.b3 O-O 11.Bb2 Qd6 12.Rc1 Ba7 13.Rc2 Bf5 14.Rd2 Rad8 15.Qa1 Rfe8
16.Rfd1 Qe6 17.Bf1 Bg4 18.Ne2 Ne4 19.Nf4 Qh6 20.Rxd5 Nxf2 21.Bxg7 Qxf4 22.Rxd8 Nh3+
23.Kh1 Nf2+ 24.Kg1 Nh3+  1/2-1/2

[Event "Oberliga Sued W9899"]
[Site "Wuertemberg"]
[Date "1999.04.18"]
[Round "9"]
[White "Fochtler, Ekkehard"]
[Black "Reuss, Andreas"]
[Result "1-0"]
[WhiteElo "2270"]
[BlackElo "2170"]

1.Nf3 d5 2.c4 e6 3.g3 Nf6 4.Bg2 Be7 5.O-O O-O 6.b3 c6 7.Bb2 Nbd7 8.d3 Bd6
9.Nbd2 e5 10.cxd5 cxd5 11.e4 dxe4 12.dxe4 b5 13.Nc4 bxc4 14.Qxd6 c3 15.Bxc3 Nxe4
16.Qc6 Nxc3 17.Qxc3 e4 18.Nd4 f5 19.Nc6 Qf6 20.Rac1 Qxc3 21.Rxc3 Bb7 22.Ne7+ Kf7
23.Nxf5 Ba6 24.Rd1 Rfd8 25.Rc7 Bd3 26.Bxe4 Bxe4 27.Nd6+ Kg8 28.Nxe4 Ne5 29.Rxd8+ Rxd8
30.Rxa7 Re8 31.Kg2 Rc8 32.Re7 Nc6 33.Rd7 Ra8 34.Rc7 Ne5 35.Nd6 g6 36.Rc8+ Rxc8
37.Nxc8 Kf7 38.f4 Nd3 39.a3 Ke6 40.Kf3 Kd7 41.Nb6+ Kc6 42.Nc4 Kc5 43.Ke3 Nc1
44.Nd2  1-0

[Event "ROM-chT"]
[Site "Sovata"]
[Date "1999.04.20"]
[Round "5"]
[White "Ionescu, Constantin"]
[Black "Dumitrache, Dragos"]
[Result "1/2-1/2"]
[WhiteElo "2482"]
[BlackElo "2426"]

1.Nf3 d5 2.c4 c6 3.e3 Nf6 4.b3 Bg4 5.Bb2 e6 6.Be2 Nbd7 7.h3 Bh5 8.Nc3 Bd6
9.O-O O-O 10.d3 h6 11.cxd5 cxd5 12.Nb5 Be7 13.Qd2 Qb6 14.Ba3 Bxa3  1/2-1/2

[Event "St Quentin op"]
[Site "St Quentin"]
[Date "1999.04.22"]
[Round "6"]
[White "Lukov, Valentin"]
[Black "Murrey, Jacob"]
[Result "1/2-1/2"]
[WhiteElo "2439"]
[BlackElo "2463"]

1.Nf3 d5 2.c4 c6 3.e3 Nf6 4.d4 Bf5 5.Nc3 e6 6.Bd3 Bxd3 7.Qxd3 Nbd7 8.O-O Be7
9.e4 dxe4 10.Nxe4 Nxe4 11.Qxe4 Nf6 12.Qe2 O-O 13.Rd1 Qc7 14.Be3 Rad8 15.Rac1  1/2-1/2

[Event "NRW-Liga I 9899"]
[Site "GER"]
[Date "1999.05.06"]
[Round "9"]
[White "Hengelbrock, Joachim"]
[Black "Wessels, Marco"]
[Result "1/2-1/2"]
[WhiteElo "2255"]
[BlackElo "2270"]

1.Nf3 d5 2.c4 c6 3.e3 Nf6 4.Nc3 e6 5.Be2 Nbd7 6.O-O Bd6 7.b3 O-O 8.Bb2 a6
9.d4 Qe7 10.Qc2 dxc4 11.bxc4 e5 12.Rae1 Re8 13.Nd2 Nf8 14.c5 Bc7 15.Nc4 exd4
16.exd4  1/2-1/2

[Event "Kleve op"]
[Site "Kleve"]
[Date "1999.05.15"]
[Round "5"]
[White "Leers Fischer, Hans"]
[Black "Gikas, Basilius"]
[Result "0-1"]
[WhiteElo "2235"]
[BlackElo "2165"]

1.Nf3 d5 2.c4 c6 3.g3 Nf6 4.Bg2 Bf5 5.O-O e6 6.d4 Bxb1 7.Rxb1 Be7 8.b3 O-O
9.Bb2 Nbd7 10.Nd2 Qa5 11.a3 Rad8 12.Qc2 b5 13.Bc3 Qa6 14.c5 Qb7 15.b4 Rc8
16.f3 Qc7 17.e4 Rfd8 18.e5 Ne8 19.g4 f6 20.f4 g6 21.Bf3 f5 22.h3 Ng7 23.Be2 Rf8
24.Bd3 Rf7 25.Rf3 Rcf8 26.g5 Nh5 27.h4 h6 28.Nf1 hxg5 29.fxg5 Rh7 30.Be1 Qd8
31.Qg2 Kg7 32.Ra1 Qb8 33.Kf2 Nxe5 34.dxe5 Qxe5 35.Rc1 Qd4+ 36.Ne3 Qxd3 37.Rc3 Qe4
38.Qh2 d4  0-1

[Event "Kleve op"]
[Site "Kleve"]
[Date "1999.05.16"]
[Round "7"]
[White "Fridman, Daniel"]
[Black "Gorbatow, Alexej"]
[Result "1-0"]
[WhiteElo "2529"]
[BlackElo "2417"]

1.Nf3 d5 2.c4 d4 3.g3 c5 4.e3 Nc6 5.Bg2 g6 6.O-O Bg7 7.exd4 cxd4 8.d3 Nh6
9.Nbd2 O-O 10.Re1 f6 11.a3 a5 12.Ne4 Nf7 13.Bd2 e5 14.b4 axb4 15.axb4 Rxa1
16.Qxa1 f5 17.Neg5 Nxg5 18.Nxg5 e4 19.dxe4 h6 20.Nf3 fxe4 21.Rxe4 Bf5 22.Re1 Bg4
23.Nh4 d3 24.Qc1 Bd4 25.Bd5+ Kh7 26.Be3 Qf6 27.b5 Bb2 28.Qb1 Nb4 29.Be4 Rd8
30.Bd2 Nc2 31.Be3 Nxe1 32.Bxg6+ Kg7 33.Qxe1 Bd4 34.Kg2 Rf8 35.Bf4 Ra8 36.Qd2 Ra3
37.Bf5 h5 38.Bxg4 hxg4  1-0

[Event "VCN SchaakFestival"]
[Site "Soest"]
[Date "1999.05.16"]
[Round "6"]
[White "Baak, Karl"]
[Black "Van Schajik, Nico"]
[Result "1-0"]
[WhiteElo "1773"]
[BlackElo "1314"]

1.Nf3 d5 2.c4 e6 3.g3 Nf6 4.Bg2 Bc5 5.O-O c6 6.d4 Bb6 7.Nc3 O-O 8.Bf4 Ba5
9.Qc2 Nh5 10.Be5 f6 11.Bf4 Nxf4 12.gxf4 Bd7 13.e4 Bxc3 14.bxc3 dxc4 15.Nd2 b5
16.e5 Be8 17.a4 a6 18.axb5 a5 19.Be4 f5 20.Bg2 Ra7 21.b6 Qxb6 22.Rfb1 Qc7
23.Nxc4 Rb7 24.Rxb7 Qxb7 25.Nxa5 Qe7 26.Nb3 g5 27.Nc5 g4 28.Qb3 Bf7 29.Qb6 Qh4
30.Ra7 Qh6 31.Qb7 Qxf4 32.Nxe6 Qh6 33.Nxf8 Qxf8 34.e6 Bg6 35.Ra8 f4 36.Rxb8 Be8
37.Be4  1-0

[Event "CRO-Cup"]
[Site "Pula"]
[Date "1999.05.26"]
[Round "3"]
[White "Tukmakov, Vladimir B"]
[Black "Delchev, Aleksander"]
[Result "1/2-1/2"]
[WhiteElo "2581"]
[BlackElo "2548"]

1.Nf3 d5 2.c4 c6 3.e3 Nf6 4.Nc3 a6 5.h3 b5 6.b3 g6 7.d4 Bg7 8.Bd3 O-O 9.O-O bxc4
10.bxc4 c5 11.Nxd5 Nxd5 12.cxd5 Qxd5 13.Ba3 cxd4 14.Bxe7 Re8 15.e4 Qd7 16.Ba3  1/2-1/2

[Event "Pula op 13th"]
[Site "Pula"]
[Date "1999.06.01"]
[Round "4"]
[White "Vukelic, Tomislav"]
[Black "Plesnik, Hrvoje"]
[Result "1/2-1/2"]
[WhiteElo "2319"]
[BlackElo "2070"]

1.Nf3 d5 2.c4 c6 3.e3 Nf6 4.Nc3 Nbd7 5.d4 dxc4 6.Bxc4 Nb6 7.Bb3 Bg4 8.Bxf7+ Kxf7
9.Ne5+ Kg8 10.Nxg4 e6 11.O-O Bd6 12.e4 Nxg4 13.Qxg4 Qe8 14.Bf4 h5 15.Qf3 Bxf4
16.Qxf4 Qg6 17.a4 h4 18.a5 Rf8 19.Qe3 Nc4 20.Qe2 Rf4 21.f3 h3 22.g3 Nd6 23.a6 b5
24.Qe3 Rf7 25.b3 Rh5 26.Ne2 Ne8 27.Rac1 e5 28.f4 exd4 29.Nxd4 c5 30.Nxb5 Qxa6
31.Qe2 Rh6 32.Nc3 Qb6 33.Qb5 Qe6 34.Qc4 Qg4 35.e5 Nc7 36.f5 Qxc4 37.bxc4 Rh5
38.Nd5 Nxd5 39.cxd5 Rfxf5 40.Rxf5 Rxf5 41.Re1 Kf7 42.Re4 g5 43.e6+ Ke8 44.d6 Rd5
45.d7+ Ke7 46.Kf2 a5 47.Kf3 a4 48.Rxa4 Kxe6 49.Kg4 Kxd7 50.Kxh3 Rd4 51.Rxd4+ cxd4
52.Kg4 Ke6 53.h4  1/2-1/2

[Event "Rhein Main op"]
[Site "Frankfurt"]
[Date "1999.06.04"]
[Round "4"]
[White "Dunsbach, Ralf"]
[Black "Zaitsev, Mikhail"]
[Result "0-1"]
[WhiteElo "2225"]
[BlackElo "2274"]

1.Nf3 d5 2.c4 c6 3.d4 Nf6 4.Nc3 a6 5.cxd5 cxd5 6.Bf4 Nc6 7.e3 Bg4 8.Be2 e6
9.O-O Be7 10.h3 Bxf3 11.Bxf3 O-O 12.Rc1 Rc8 13.Qe2 b5 14.a4 b4 15.Nb1 Qb6
16.Nd2 Na5 17.Qd3 Rc6 18.Rc2 Rxc2 19.Qxc2 b3 20.Qc7 Qb4 21.Rd1 Ne8 22.Qa7 Bd6
23.Bxd6 Nxd6 24.Qxa6 g6 25.e4 dxe4 26.Nxe4 Nxe4 27.Bxe4 Nc4 28.Rc1 Nxb2 29.a5 Qxd4
30.Qb7 Nd1 31.Qxb3 Qxf2+ 32.Kh1 Qf1+  0-1

[Event "CZE-ch"]
[Site "Lazne Bohdanec"]
[Date "1999.06.04"]
[Round "2"]
[White "Freisler, Pavel"]
[Black "Haba, Petr"]
[Result "1-0"]
[WhiteElo "2328"]
[BlackElo "2545"]

1.Nf3 d5 2.c4 c6 3.g3 Nf6 4.Bg2 dxc4 5.Qc2 b5 6.a4 Bb7 7.b3 cxb3 8.Qxb3 Qd5
9.Qb2 a6 10.O-O Qd6 11.d4 e6 12.Bf4 Qd8 13.Rc1 Nbd7 14.Ne5 Nxe5 15.Bxe5 Nd5
16.e4 Nb4 17.Qb3 f6 18.Qxe6+ Be7 19.Bf4 Qxd4 20.Nc3 Nd3 21.Nd5 cxd5 22.Bd6  1-0

[Event "Pula op 13th"]
[Site "Pula"]
[Date "1999.06.04"]
[Round "6"]
[White "Barle, Janez"]
[Black "Zelcic, Robert"]
[Result "0-1"]
[WhiteElo "2384"]
[BlackElo "2554"]

1.Nf3 d5 2.c4 d4 3.g3 g6 4.Bg2 Bg7 5.O-O e5 6.d3 Ne7 7.e3 dxe3 8.fxe3 O-O
9.Nc3 Nbc6 10.Qe2 Bf5 11.Rd1 Qd7 12.Nd5 Nxd5 13.cxd5 Ne7 14.e4 Bg4 15.Bg5 f6
16.Be3 c6 17.dxc6 Nxc6 18.Rd2 f5 19.Rf1 Rad8 20.exf5 gxf5 21.Qd1 f4 22.gxf4 exf4
23.Bc5 Bd4+ 24.Bxd4 Nxd4 25.Ne5 Bxd1 26.Nxd7 Rxd7 27.Rfxd1 f3 28.Bf1 Re7
29.Kf2 Re2+ 30.Kg3 Nf5+ 31.Kh3 Re6 32.Rc1 Rh6+ 33.Kg4 Ne3+ 34.Kg3 f2 35.h3 Rg6+
36.Kh2 Rg1 37.Rxf2 Rxf1 38.Rcxf1 Nxf1+ 39.Kg1 Ne3  0-1

[Event "Budapest FS06 IM"]
[Site "Budapest"]
[Date "1999.06.05"]
[Round "1"]
[White "Szirmai, Eduard"]
[Black "Lengyel, Bela"]
[Result "1/2-1/2"]
[WhiteElo "2208"]
[BlackElo "2350"]

1.Nf3 d5 2.c4 d4 3.e3 Nc6 4.b4 dxe3 5.fxe3 Nxb4 6.d4 e6 7.a3 Nc6 8.Bd3 Nf6
9.O-O e5 10.Bc2 exd4 11.exd4 Be7 12.Bb2 O-O 13.Nbd2 Bg4  1/2-1/2

[Event "Pula op 13th"]
[Site "Pula"]
[Date "1999.06.05"]
[Round "7"]
[White "Loncar, Robert"]
[Black "Burmakin, Vladimir"]
[Result "0-1"]
[WhiteElo "2419"]
[BlackElo "2534"]

1.Nf3 d5 2.c4 c6 3.e3 Nf6 4.Nc3 e6 5.b3 Nbd7 6.Qc2 Bd6 7.Bb2 O-O 8.d4 e5
9.cxd5 cxd5 10.Be2 e4 11.Nd2 a6 12.O-O Re8 13.Rfc1 Nf8 14.Nf1 b5 15.a4 b4
16.Nb1 Bd7 17.Nbd2 Ng6 18.Qd1 Re7 19.Rc2 Ne8 20.f4 exf3 21.Bxf3 Nf6 22.Be2 Re8
23.Rac1 a5 24.Nf3 Ng4 25.Ne5 N4xe5 26.dxe5 Bxe5 27.Qxd5 Bf5 28.Qxd8 Rexd8
29.Bf3 Bxc2 30.Bxa8 Bxb3 31.Bxe5 Nxe5 32.Be4 Bc4 33.Ng3 g6 34.Bb1 f5 35.h3 b3  0-1

[Event "Salongernas IM"]
[Site "Stockholm"]
[Date "1999.06.06"]
[Round "2"]
[White "Lindberg, Bengt"]
[Black "Pedersen, Daniel Vesterbaek"]
[Result "0-1"]
[WhiteElo "2307"]
[BlackElo "2299"]

1.Nf3 d5 2.c4 c6 3.b3 Qb6 4.e3 Nf6 5.d3 Bg4 6.Nbd2 Nbd7 7.Bb2 e6 8.Be2 a5
9.a3 Bd6 10.O-O O-O 11.h3 Bh5 12.Rc1 h6 13.Qc2 Qd8 14.e4 dxe4 15.Nxe4 Nxe4
16.dxe4 Qe7 17.Qc3 f6 18.Rfd1 Bxf3 19.Qxf3 Ne5 20.Qe3 Bc5 21.Bd4 Bxa3 22.Rc2 Rfd8
23.c5 Rd7 24.Ba1 Rxd1+ 25.Bxd1 Nd7 26.e5 fxe5 27.Bxe5 Bxc5 28.Qe4 Nxe5 29.Qxe5 Qd6
30.Qh5 Bd4 31.Bf3 e5 32.Qg4 Rf8 33.Ra2 Qb4 34.Qe6+ Kh8 35.Re2 Qc5 36.Qg6 Qc1+
37.Kh2 Qf4+ 38.Kg1 Qf5 39.Qg3 Qb1+ 40.Kh2 Qxb3 41.Qg4 Qf7 42.Re4  0-1

[Event "Pula op 13th"]
[Site "Pula"]
[Date "1999.06.08"]
[Round "9"]
[White "Rukavina, Josip"]
[Black "Sitnik, Igor"]
[Result "1/2-1/2"]
[WhiteElo "2426"]
[BlackElo "2312"]

1.Nf3 d5 2.c4 e6 3.g3 Nf6 4.Bg2 c5 5.O-O Nc6 6.cxd5 Nxd5 7.Nc3 Be7 8.d4 O-O
9.e4 Nxc3 10.bxc3 b6 11.d5 Na5 12.Qd3 exd5 13.exd5 Bf6 14.Bf4 c4 15.Qc2 Bb7
16.Rad1 Re8 17.h4 h6 18.Nd4 Be5 19.Qf5 Qf6 20.Qxf6 Bxf6 21.Nb5 g5 22.hxg5 hxg5
23.Bc7 Re7 24.Rfe1 Rd7 25.Be5 Kg7 26.Bh3 Re7 27.f4 gxf4 28.gxf4 Rh8 29.Re3 Bxe5
30.fxe5 Rh5 31.d6 Rexe5 32.Rxe5 Rxe5 33.Nxa7 Rd5 34.Rxd5 Bxd5 35.d7 Nb7 36.Nc8 Kf6
37.Nxb6 Be6 38.Bg2 Nd8 39.a4 Ke7 40.a5 Bxd7 41.a6 Nc6 42.Nxc4 Na7 43.Bb7 Be6
44.Nb2 Kd6 45.Kf2 Kc7 46.Nd3 Bc8 47.Bd5 Bxa6 48.Nb4 Bb7 49.Bxb7 Nb5  1/2-1/2

[Event "CZE-ch"]
[Site "Lazne Bohdanec"]
[Date "1999.06.12"]
[Round "10"]
[White "Stocek, Jiri"]
[Black "Talla, Vladimir"]
[Result "1/2-1/2"]
[WhiteElo "2537"]
[BlackElo "2362"]

1.Nf3 d5 2.c4 c6 3.g3 Nf6 4.Bg2 Bg4 5.Ne5 Be6 6.cxd5 Bxd5 7.Nf3 c5 8.O-O e6
9.a3 Nbd7 10.Nc3 Bc6 11.Re1 Bd6 12.e4 Ne5 13.b4 cxb4 14.axb4 Nxf3+ 15.Qxf3 e5
16.b5 Bd7 17.d4 O-O 18.dxe5 Bxe5 19.Bf4 Re8 20.Bxe5 Rxe5 21.Qe3 Bxb5 22.Nxb5 Rxb5
23.e5 Nd5 24.Bxd5 Qxd5 25.Rad1 Qc5 26.Qf4 Qe7 27.Rd6 Re8 28.Qd4 h6 29.e6 fxe6
30.Rdxe6 Qxe6 31.Rxe6 Rb1+ 32.Kg2 Rxe6 33.Qd8+ Kf7 34.Qd7+ Kf6 35.Qd4+ Kf7
36.Qd7+ Kf6 37.Qd4+ Kf7 38.Qd7+  1/2-1/2

[Event "Andorra la Vella op"]
[Site "Andorra la Vella"]
[Date "1999.06.27"]
[Round "2"]
[White "Georgiev, Vladimir"]
[Black "Bromann, Thorbjorn"]
[Result "1-0"]
[WhiteElo "2508"]
[BlackElo "2250"]

1.Nf3 d5 2.c4 dxc4 3.e3 Nf6 4.Bxc4 e6 5.d4 c5 6.O-O a6 7.Bb3 Be7 8.Nc3 b5
9.e4 b4 10.Na4 cxd4 11.e5 Ne4 12.Nxd4 O-O 13.Be3 Bb7 14.Rc1 Qa5 15.f3 Nc5
16.Nf5 exf5 17.Bxc5 Qc7 18.Bd6 Qd8 19.Rc7 Bxd6 20.Qxd6 Qxd6 21.exd6  1-0

[Event "Ljubljana op 10th"]
[Site "Ljubljana"]
[Date "1999.06.29"]
[Round "5"]
[White "Kukovec, Borut"]
[Black "Sitnik, Igor"]
[Result "0-1"]
[WhiteElo "2000"]
[BlackElo "2312"]

1.Nf3 d5 2.c4 e6 3.g3 Nf6 4.Bg2 c5 5.O-O Nc6 6.b3 Be7 7.Bb2 O-O 8.e3 b6 9.Qe2 Ba6
10.Nc3 Rc8 11.Rac1 Qd7 12.Rfd1 Rfd8 13.d4 cxd4 14.exd4 dxc4 15.Ne5 Nxd4 16.Rxd4 Qxd4
17.Nd5 Qc5 18.Nxe7+ Qxe7 19.bxc4 Qd6 20.Bc3 Nd5 21.Qh5 Nxc3 22.Nxf7 Qd2 23.Rf1 Rc5
24.Bd5 Rdxd5 25.cxd5 Qxd5 26.Ng5 Ne2+  0-1

[Event "EUCup99 (Women)"]
[Site "Nova Gorica"]
[Date "1999.06.29"]
[Round "2"]
[White "Olarasu, Gabriela"]
[Black "Velickovski Kostic, Maja"]
[Result "1/2-1/2"]
[WhiteElo "2333"]
[BlackElo "2221"]

1.Nf3 d5 2.c4 d4 3.e3 Nc6 4.d3 e5 5.Be2 Bb4+ 6.Bd2 a5 7.O-O Nge7 8.exd4 exd4
9.Na3 O-O 10.Nb5 Ng6 11.Bxb4 axb4 12.Qd2 Re8 13.Rfe1 Bf5 14.a3 bxa3 15.bxa3 Qd7
16.Qg5 f6 17.Qg3 Re7 18.Bf1 Nge5 19.Nh4 Rc8 20.Nxf5 Qxf5 21.f4 Ng6 22.Rxe7 Ngxe7
23.Be2 Qd7 24.Qf2 Rd8 25.Bf3 Na5 26.a4 c6 27.Na3 Nb3 28.Rb1 Nc5 29.Qd2 Nxa4
30.Qb4 Nc3 31.Re1 Ng6 32.g3 Ra8 33.c5 Rd8 34.Nc4 Nb5 35.Qb3 Qf7 36.Kg2 Kf8
37.Qa2 Qc7 38.Nd2 Nc3 39.Qc4 Qa5 40.Qe6 Qxc5 41.Nb3 Qe7 42.Qxe7+ Nxe7 43.Nc5 Kf7
44.Nxb7 Rd7 45.Nc5 Ra7 46.Ne6 Rd7 47.Nc5 Rd6 48.Nb7  1/2-1/2

[Event "World op"]
[Site "Philadelphia"]
[Date "1999.06.29"]
[Round "3"]
[White "Blatny, Pavel"]
[Black "Fang, Joseph"]
[Result "1/2-1/2"]
[WhiteElo "2468"]
[BlackElo "2366"]

1.Nf3 d5 2.c4 c6 3.b3 Bg4 4.Bb2 Nd7 5.e3 Ngf6 6.Be2 e6 7.Nc3 Bd6 8.cxd5 exd5
9.Nd4 Bxe2 10.Qxe2 O-O 11.Nf5 Ne5 12.g4 Re8 13.g5 Ne4 14.f4 Ng6 15.Nxg7 Nxc3
16.Bxc3 Nxf4 17.Nxe8 Nxe2 18.Nf6+ Kf8 19.Nxh7+ Ke8 20.Nf6+ Ke7 21.Kxe2 Bc5
22.Be5 Qa5 23.h4 d4 24.exd4 Rd8 25.d5 Bb4 26.Rh3 Rxd5 27.Nxd5+ Qxd5 28.Bf6+ Kf8
29.Rf3 Qxd2+ 30.Kf1 Bc5 31.Re1 Qh2 32.Ree3 Qh1+ 33.Ke2 Qh2+ 34.Kd1 Bxe3 35.Rxe3 Qxh4
36.Rd3 Qg4+ 37.Kc1 Kg8 38.Rd4 Qe2 39.Rd2 Qe1+ 40.Kc2 Qe4+ 41.Kb2 Kh7 42.a4 c5
43.Bc3 Kg6 44.Rf2 Qd5 45.Bf6 c4 46.Rc2 cxb3 47.Rc3 Qe4 48.Rxb3 b6 49.Ka3 Qc4
50.Rb4 Qc5 51.Kb3 Qe3+ 52.Kb2 Qd2+ 53.Kb3 Qd1+ 54.Ka3 Qc2 55.Rb3 Qc5+ 56.Kb2 Kh5
57.Rb5 Qc4 58.Ka3 Qd3+ 59.Kb2 Kg6 60.Rb4 Kf5 61.Rd4 Qe3 62.Ka2 Kg6 63.Rb4 Qd2+
64.Kb3 Qd3+ 65.Kb2 Qd2+ 66.Kb3 Qd3+ 67.Kb2  1/2-1/2

[Event "Ljubljana op 10th"]
[Site "Ljubljana"]
[Date "1999.07.01"]
[Round "7"]
[White "Kukovec, Borut"]
[Black "Gruskovnjak, Tomislav"]
[Result "1/2-1/2"]
[WhiteElo "2000"]
[BlackElo "2222"]

1.Nf3 d5 2.c4 dxc4 3.Qa4+ c6 4.Qxc4 Bf5 5.g3 Nf6 6.Bg2 Nbd7 7.d4 e6 8.O-O Be7
9.Qb3 Qb6 10.Qxb6 Nxb6 11.Nc3  1/2-1/2

[Event "Swidnica op"]
[Site "Swidnica"]
[Date "1999.07.01"]
[Round "4"]
[White "Sulskis, Sarunas"]
[Black "Pichugin, Alexandr"]
[Result "1-0"]
[WhiteElo "2568"]
[BlackElo "2306"]

1.Nf3 d5 2.c4 dxc4 3.Na3 c5 4.g3 Nc6 5.Nxc4 g6 6.Bg2 Bg7 7.O-O Nf6 8.b3 Nd5
9.Bb2 O-O 10.Bxg7 Kxg7 11.Rc1 Nc7 12.Nb2 Ne6 13.Na4 Qa5 14.Qc2 Kg8 15.Nxc5 Nxc5
16.Qxc5 Qxa2 17.b4 Qa3 18.b5 Qxc5 19.Rxc5 Nb4 20.Ne5 a5 21.Rc7 e6 22.Nc4 Nd5
23.Bxd5 exd5 24.Nb6 Bh3 25.Ra1 Ra7 26.Nxd5 Rd8 27.Ne7+ Kg7 28.Nc6 bxc6 29.Rxa7 cxb5
30.d3 a4 31.Rb1 Rd5 32.f3 Be6 33.Kf2 Rh5 34.h4 Bb3 35.Ke3 Rc5 36.Rb7 h5 37.Rb2 g5
38.d4 Rf5 39.Rc7 gxh4 40.gxh4 Bc4 41.Rb4 a3 42.Ra7 a2 43.Rxc4 bxc4 44.Rxa2 Rb5
45.Rc2 Rb4 46.Ke4 Kf6 47.Kd5 Kf5 48.Rxc4 Rb2 49.Rc7 Kf6 50.e4 Rh2 51.e5+ Kg6
52.f4 Rxh4 53.f5+ Kxf5 54.Rxf7+ Kg6 55.e6 Rh1 56.Rf2 Re1 57.Kd6  1-0

[Event "Andorra la Vella op"]
[Site "Andorra la Vella"]
[Date "1999.07.03"]
[Round "8"]
[White "Comas Fabrego, Luis"]
[Black "Gretarsson, Helgi Ass"]
[Result "1/2-1/2"]
[WhiteElo "2541"]
[BlackElo "2459"]

1.Nf3 d5 2.c4 d4 3.g3 Nc6 4.Bg2 e5 5.d3 Nf6 6.O-O Nd7 7.e4 Be7 8.Nbd2 h5
9.h4 a5 10.a3 Nc5 11.Nb3 Ne6 12.Bd2 a4 13.Nc1 g5 14.hxg5 Nxg5 15.Nxg5 Bxg5
16.f4 Bg4 17.Bf3 exf4 18.Bxg4 hxg4 19.Qxg4 Qf6 20.gxf4 Qh6 21.Kf2 Qh2+ 22.Ke1 Be7
23.Ne2 Rh3 24.Qg8+ Bf8 25.Rf2 Qh1+ 26.Rf1 Qh2 27.Rf2 Qh1+ 28.Rf1  1/2-1/2

[Event "Haarlem AKN op 8th"]
[Site "Haarlem"]
[Date "1999.07.03"]
[Round "4"]
[White "Janssen, Ruud"]
[Black "Barsov, Alexei"]
[Result "1-0"]
[WhiteElo "2448"]
[BlackElo "2539"]

1.Nf3 d5 2.c4 e6 3.d4 Nf6 4.g3 dxc4 5.Bg2 a6 6.O-O Nc6 7.e3 Rb8 8.Nfd2 Nd5
9.Nxc4 b5 10.Ncd2 Bb7 11.Nb3 Be7 12.N1d2 Nf6 13.Ne4 Nxe4 14.Bxe4 O-O 15.Bg2 Bd6
16.Bd2 Qe7 17.Rc1 Nd8 18.Bxb7 Nxb7 19.e4 e5 20.d5 f5 21.exf5 Rxf5 22.Qc2 Qf7
23.Be3 e4 24.Qxe4 Re8 25.Qc2 Rxd5 26.Qc6 Nd8 27.Qxa6 Rh5 28.Qa8 c6 29.Qc8 Rf8
30.Qg4 Rd5 31.Nd4 h5 32.Qe4 Re8 33.Qf3 Qxf3  1-0

[Event "Bydgoszcz Bank Pocztowy op"]
[Site "Bydgoszcz"]
[Date "1999.07.18"]
[Round "7"]
[White "Nowacki, Tomasz"]
[Black "Galinsky, Timofey"]
[Result "0-1"]
[WhiteElo "2047"]
[BlackElo "2370"]

1.Nf3 d5 2.c4 c6 3.g3 Nf6 4.Bg2 e6 5.cxd5 exd5 6.O-O Bc5 7.Qc2 Bb6 8.Nc3 O-O
9.d3 h6 10.e4 Na6 11.a3 Be6 12.Na4 Bc7 13.b4 Qe7 14.Be3 Rfe8 15.Nc5 Nxc5
16.bxc5 Rad8 17.Nd4 dxe4 18.dxe4 Ng4 19.Nxe6 Nxe3 20.fxe3 Qxe6 21.Rf5 Re7
22.Raf1 Ba5 23.Bh3 Rd2 24.Qa4 b6 25.e5 g6 26.Qg4 Rd8 27.Rf6 Qxe5 28.cxb6 Bxb6
29.Rxc6 Bxe3+ 30.Kh1 Bg5 31.Qc4 Qd5+ 32.Qxd5 Rxd5 33.Rc2 h5 34.Rcf2 f5 35.Rb1 Rd3
36.a4 Ra3 37.Rb4 Ra1+ 38.Bf1 Re3 39.Rb8+ Kg7 40.Rb7+ Kh6 41.h4 Bf6 42.Rd2 Rxf1+
43.Kg2 Rfe1 44.Rxa7 R3e2+ 45.Rxe2 Rxe2+ 46.Kf3 Ra2 47.a5 Bd4 48.Ra8 Rf2+  0-1

[Event "Komercni Banka op"]
[Site "Pardubice"]
[Date "1999.07.18"]
[Round "3"]
[White "Szekely, Peter"]
[Black "Nun, Josef"]
[Result "1/2-1/2"]
[WhiteElo "2436"]
[BlackElo "2319"]

1.Nf3 d5 2.c4 e6 3.g3 c5 4.Bg2 Nc6 5.O-O d4 6.e3 e5 7.exd4 exd4 8.Re1+ Be7
9.d3 Nf6 10.Bf4 O-O 11.Ne5 Nxe5 12.Bxe5 Ng4 13.Bf4 Bd6 14.Bxd6 Qxd6 15.Nd2 Nf6
16.Qe2 Qb6 17.b3 Bd7  1/2-1/2

[Event "Komercni Banka op"]
[Site "Pardubice"]
[Date "1999.07.20"]
[Round "5"]
[White "Szekely, Peter"]
[Black "Pridorozhni, Aleksei"]
[Result "1/2-1/2"]
[WhiteElo "2436"]
[BlackElo "2325"]

1.Nf3 d5 2.c4 c6 3.cxd5 cxd5 4.d4 Nc6 5.Nc3 Nf6 6.Bf4 a6 7.Rc1 e6 8.e3 Be7
9.h3 Ne4 10.a3 f5 11.Bd3 Bd7 12.g4 Qb6 13.Qe2 Rc8 14.O-O  1/2-1/2

[Event "Bydgoszcz Bank Pocztowy op"]
[Site "Bydgoszcz"]
[Date "1999.07.21"]
[Round "10"]
[White "Ehrenfeucht, Wojciech"]
[Black "Sawicki, Mikolaj"]
[Result "1-0"]
[WhiteElo "2316"]
[BlackElo "2076"]

1.Nf3 d5 2.c4 e6 3.g3 Nf6 4.Bg2 Bd6 5.O-O O-O 6.Nc3 Nbd7 7.b3 Re8 8.Bb2 c6
9.d4 b6 10.Qd3 Ba6 11.e4 dxe4 12.Nxe4 Nxe4 13.Qxe4 c5 14.Ne5 cxd4 15.Qxa8 Qxa8
16.Bxa8 Bxe5 17.Bc6 Rd8 18.Rfe1 Bf6 19.Bxd4  1-0

[Event "Dutch Open"]
[Site "Dieren"]
[Date "1999.07.21"]
[Round "2"]
[White "Janssen, Ruud"]
[Black "Wilschut, Peter"]
[Result "1-0"]
[WhiteElo "2448"]
[BlackElo "2041"]

1.Nf3 d5 2.c4 c6 3.e3 Nf6 4.Nc3 e6 5.b3 Nbd7 6.Bb2 Bd6 7.d4 O-O 8.Bd3 Qe7
9.Qc2 e5 10.cxd5 cxd5 11.dxe5 Nxe5 12.Nxe5 Bxe5 13.Ne2 Bxb2 14.Qxb2 Bg4 15.O-O Rfd8
16.h3 Bxe2 17.Bxe2 Rd7 18.Rfd1 Rad8 19.Bf3 b6 20.Rd4 Qe5 21.Rad1 h6 22.Qd2 Qf5
23.Bg4 Nxg4 24.hxg4 Qg5 25.f3 Kf8 26.e4 Qxd2 27.R1xd2 Ke7 28.exd5 Kd6 29.Kf2 Kc5
30.Rc4+ Kd6 31.a4 Ke5 32.f4+ Kf6 33.Rcd4 Ke7 34.Kf3 Rc8 35.d6+ Kf6 36.R2d3 Ke6
37.g5 hxg5 38.fxg5 Kf5 39.Rd5+ Kg6 40.Ke4 Re8+ 41.Kd4 Red8 42.Kc4 a6 43.a5 Rc8+
44.Kb4 Rc6 45.axb6 Rxb6+ 46.Kc5 Rb8 47.Kc6 Rbd8 48.Re3  1-0

[Event "SCO-ch"]
[Site "Edinburgh"]
[Date "1999.07.21"]
[Round "6"]
[White "Rowson, Jonathan"]
[Black "Motwani, Paul"]
[Result "1-0"]
[WhiteElo "2490"]
[BlackElo "2465"]

1.Nf3 d5 2.c4 c6 3.e3 Nf6 4.Nc3 g6 5.d4 Bg7 6.Be2 O-O 7.O-O Bg4 8.cxd5 Nxd5
9.h3 Bxf3 10.Bxf3 e6 11.e4 Nb6 12.e5 N8d7 13.Ne4 Qc7 14.Bg5 f5 15.exf6 Nxf6
16.Nc5 Rae8 17.Re1 Qf7 18.Bh4 Nfd5 19.Bg3 e5 20.dxe5 Nf4 21.Bxf4 Qxf4 22.Re4 Qf7
23.Qe2 Nd5 24.Nd3 Rd8 25.Re1 Rfe8 26.a3 Qe7 27.Qc2 Kh8 28.Ra4 Nc7 29.Ree4 Nb5
30.Rac4 a5 31.Be2 Rd5 32.a4 Nc7 33.Bf1 Red8 34.b4 Ne6 35.bxa5 Rxa5 36.Ne1 Rad5
37.Nf3 c5 38.Re1 b6 39.Qb1 Qc7 40.Rh4 Nd4 41.Ng5  1-0

[Event "SCO-ch"]
[Site "Edinburgh"]
[Date "1999.07.22"]
[Round "7"]
[White "Morrison, Graham"]
[Black "Henderson, John B"]
[Result "1-0"]
[WhiteElo "2325"]
[BlackElo "2170"]

1.Nf3 d5 2.c4 c6 3.e3 Nf6 4.Nc3 g6 5.d4 Bg7 6.Be2 O-O 7.O-O Bg4 8.cxd5 cxd5
9.h3 Bxf3 10.Bxf3 e6 11.Qb3 Qd7 12.a4 Rc8 13.Bd2 Bf8 14.a5 Na6 15.Rfc1 Rab8
16.Be2 Bb4 17.f3 Qe7 18.Be1 Nh5 19.g4 Qg5 20.Bf2 Bd6 21.h4 Qf6 22.gxh5 gxh5
23.f4 Qf5 24.Nb5 Bb4 25.Kh2  1-0

[Event "SCO-ch"]
[Site "Edinburgh"]
[Date "1999.07.23"]
[Round "8"]
[White "Morrison, Graham"]
[Black "Shaw, John"]
[Result "1-0"]
[WhiteElo "2325"]
[BlackElo "2410"]

1.Nf3 d5 2.c4 c6 3.e3 Nf6 4.Nc3 Bg4 5.cxd5 Bxf3 6.Qxf3 cxd5 7.d4 Nc6 8.Qd1 e6
9.Be2 Be7 10.O-O O-O 11.Bd2 a6 12.Rc1 Rc8 13.Na4 Nd7 14.Nc5 Nxc5 15.dxc5 Bf6
16.b4 d4 17.Bf3 Qe7 18.Bxc6 bxc6 19.exd4 Bxd4 20.Qa4 Qa7 21.Bc3 Rfd8 22.Bxd4 Rxd4
23.Rfd1 Rd5 24.Rxd5 exd5 25.Qa5 Kf8 26.Qb6 Qxb6 27.cxb6 Ke7 28.a4 Kd6 29.f3 Re8
30.Kf2 Re7 31.a5 Re8 32.Re1 Rxe1 33.Kxe1 Kd7 34.Kd2 Kd6 35.Kd3 Kd7 36.Kc3 Kc8
37.Kd4 Kb8 38.f4 h5 39.g3 Kc8 40.Kd3 Kd7 41.Kd4 Kc8 42.Kc5 Kb7 43.f5 g5 44.fxg6 fxg6
45.h4 Kb8 46.Kxc6  1-0

[Event "Korinthos op 3rd"]
[Site "Korinthos"]
[Date "1999.07.25"]
[Round "2"]
[White "Babaniotis, Evangelos"]
[Black "Kourkounakis, Ilias"]
[Result "0-1"]
[WhiteElo "2105"]
[BlackElo "2407"]

1.Nf3 d5 2.c4 c6 3.g3 Nf6 4.Bg2 Bf5 5.O-O e6 6.b3 Nbd7 7.Bb2 h6 8.d3 Be7
9.Nbd2 O-O 10.Re1 Bh7 11.e4 Nc5 12.Ne5 dxe4 13.Nxe4 Nfxe4 14.dxe4 f6 15.Ng4 Nd3
16.Nxh6+ Kh8 17.Qh5 Qe8 18.Qxe8 Raxe8 19.Re3 Nxb2 20.Ng4 Rd8 21.Bf1 Rd2  0-1

[Event "White Rose Int 1st"]
[Site "Wakefield"]
[Date "1999.07.25"]
[Round "9"]
[White "Dunnington, Angus J"]
[Black "Forbes, Cathy"]
[Result "1-0"]
[WhiteElo "2366"]
[BlackElo "2094"]

1.Nf3 d5 2.c4 c6 3.b3 Bf5 4.Bb2 e6 5.g3 Nf6 6.Bg2 Nbd7 7.O-O Be7 8.d3 h5
9.Nbd2 Qc7 10.cxd5 exd5 11.e4 Bh7 12.exd5 Nxd5 13.Nc4 O-O-O 14.Nfe5 Nxe5
15.Bxe5 Qd7 16.Bxg7 Rhg8 17.Bd4 c5 18.Qxh5 Bxd3 19.Be5 Bxf1 20.Rxf1 Rg5 21.Nd6+ Qxd6
22.Qxg5 Bxg5 23.Bxd6 Ne3 24.Bh3+ f5 25.Re1 Rxd6 26.fxe3 Rd2 27.Bxf5+ Kc7
28.a4 Rb2 29.Be6 Kd6 30.Bc4 Ke5 31.h4 Bh6 32.g4 Ke4 33.g5 Bg7 34.h5 Kf3 35.Bd5+ Kg3
36.h6 Bc3 37.Rf1 Rd2 38.Bxb7 Rd7 39.Bc6 Rd6 40.Be4 Re6 41.Rf3+ Kh4 42.g6  1-0